000 00864nam a2200205 i 4500
001 69934
003 ES-MaACL
005 20230906170651.0
007 t|
008 040713s1960 sp df |||| | spa d
100 1 _aGarcía Manrique, Eusebio.
_954881
245 1 4 _aLas comarcas de Borja y Tarazona y el Somontano del Moncayo
_b: estudio geográfico /
_cpor Eusebio García Moncayo.
260 _aZaragoza :
_bDepartamento de Geografía Aplicada del Instituto Juan Sebastián Elcano,
_c1960.
300 _a301 p., 37 lám. :
_bgráf. ;
_c27 cm.
500 _aPrecede al tít.: Consejo Superior de Investigaciones Científicas.
651 4 _aTarazona y el Moncayo-
_xGeografía.
_9169501
651 4 _aCampo de Borja-
_xGeografía.
_9169502
710 2 _aInstituto Juan Sebastián Elcano.
_bDepartamento de Geografía Aplicada.
_95114
852 _aES-MaACL
_jE-128
999 _c69934
_d69934